Detalles MARC
| 000 -LÍDER |
| Campo fijo de descripción fija |
02408nam a2200421 i 4500 |
| 001 - NÚMERO DE CONTROL |
| Campo de control |
a5230150 |
| 003 - IDENTIFICADOR DEL NÚMERO DE CONTROL |
| Campo de control |
SpMaBN |
| 005 - FECHA Y HORA DE LA ULTIMA TRANSACCIÓN |
| control field |
20180622072550.0 |
| 008 - ELEMENTOS DE LONGITUD FIJA -- INFORMACIÓN GENERAL |
| Campo fijo de descripción fija -- Información general |
120702s2012 sp | |||| 000 0 spa |
| 017 ## - COPYRIGHT OR LEGAL DEPOSIT NUMBER |
| Copyright or legal deposit number |
M 12686-2012 |
| Assigning agency |
Oficina Depósito Legal Madrid |
| 020 ## - NÚMERO INTERNACIONAL NORMALIZADO PARA LIBROS |
| Número Internacional Normalizado del libro |
9788499404493 |
| 040 ## - FUENTE DE CATALOGACIÓN |
| Agencia de catalogación original |
SpMaBN |
| Idioma de catalogación |
spa |
| Agencia que realiza la transcripción |
CO-MdFUSB |
| Convenciones de la descripción |
rdc |
| Agencia que realiza la modificación |
CO-MdFUSBC |
| 041 ## - CÓDIGO DE IDIOMA |
| Código de idioma para texto/pista de sonido o título separado |
spa |
| 080 ## - UNIVERSAL DECIMAL CLASSIFICATION NUMBER |
| Universal Decimal Classification number |
113/119 |
| 080 ## - UNIVERSAL DECIMAL CLASSIFICATION NUMBER |
| Universal Decimal Classification number |
124.5 |
| 080 ## - UNIVERSAL DECIMAL CLASSIFICATION NUMBER |
| Universal Decimal Classification number |
159.95 |
| 082 ## - NÚMERO DE CLASIFICACIÓN DECIMAL DEWEY |
| Número de la edición del Dewey |
23 |
| Número de clasificación |
113 |
| Clave de autor-Numero de item |
C431 |
| 245 03 - TÍTULO |
| Título del Material |
La inteligencia en la naturaleza |
| Parte restante del título - Subtitulo |
: del relojero ciego al ajuste fino del universo |
| Mención de responsabilidad, etc. |
/ editado por Francisco Rodríguez Valls |
| 264 #1 - PRODUCCIÓN, PUBLICACIÓN, DISTRIBUCIÓN, MANUFACTURA, Y COPYRIGHT |
| Lugar de producción, publicación, distribución, manufactura |
Madrid : |
| Nombre del productor, publicador, distribuidor |
Biblioteca Nueva, |
| Fecha de producción, publicación, distribución, manufactura, o copyright |
[2012] |
| 264 #4 - PRODUCCIÓN, PUBLICACIÓN, DISTRIBUCIÓN, MANUFACTURA, Y COPYRIGHT |
| Fecha de producción, publicación, distribución, manufactura, o copyright |
©2012 |
| 300 ## - DESCRIPCIÓN FÍSICA |
| Extensión |
207 páginas : |
| Dimensiones |
23 cm |
| 336 ## - TIPO DE CONTENIDO |
| Término de tipo de contenido |
texto |
| Fuente |
rdacontent |
| Código de tipo de contenido |
txt |
| 337 ## - TIPO DE MEDIO |
| Nombre del tipo de medio |
sin mediación |
| Fuente |
rdadmedia |
| Código del tipo de medio |
n |
| 338 ## - TIPO DE SOPORTE |
| Fuente |
rdacarrier |
| Nombre del tipo de soporte |
volumen |
| Código Tipo de soporte |
nc |
| 490 0# - MENCIÓN DE SERIE |
| Mención de serie |
Colección Fronteras |
| 500 ## - NOTA GENERAL |
| Nota General |
Contiene las ponencias del seminario permanente homónimo celebrado en la Universidad de Sevilla en el año 2007 |
| 504 ## - NOTA DE BIBLIOGRAFÍA, ETC. |
| Nota de bibliografía, etc |
Incluye referencias bibliográficas |
| 505 ## - NOTA DE CONTENIDO |
| Nota de contenido con formato preestablecido |
Presentación. Francisco Rodríguez Valls -- La metáfora del relojero ciego: virtudes y límites, Juan Arana. -- La inteligencia del diseño inteligente, santiago Collado. -- ¿Podemos ir más allá de Aristóteles en relación con la idea de inteligencia?, José Luis González Quiró? -- La emergencia de la reflexión. Sobre la idea romántica de naturaleza, Javier Hernández-Pacheco -- La relación de semejanza con principio de inteligibilidad de la naturaleza, Alfredo Marcos -- Inteligencia y naturaleza desde el emergentismo de Karl Popper, José María Molina -- El problema del soporte físico de la sensibilidad-conciencia, Javien Monserrat -- Evolución, naturaleza e inteligencia: ¿Para qué sirve una emoción?, Francisco Rodríguez Valls -- El multiverso y el ajuste fino de las leyes de la naturaleza. Francisco José Soler Gil -- ¿Deus sive Natura? Sobre los máximos sistemas metafísicos en la genealogía óntica del problema mente-cerebro, Pedro Jesús Teruel. -- Es la moral una propiedad natural de la |
| 563 ## - NOTA DE ENCUADERNACIÓN |
| Nota de encuadernación |
Rústico |
| 650 #7 - ASIENTO SECUNDARIO DE MATERIA - TERMINO TEMÁTICO |
| Término temático o nombre geográfico como elemento de entrada |
Filosofía de la naturaleza |
| Fuente del encabezamiento o término |
embne |
| 650 #7 - ASIENTO SECUNDARIO DE MATERIA - TERMINO TEMÁTICO |
| Término temático o nombre geográfico como elemento de entrada |
Diseño inteligente (Teleología) |
| Fuente del encabezamiento o término |
embne |
| 650 #7 - ASIENTO SECUNDARIO DE MATERIA - TERMINO TEMÁTICO |
| Término temático o nombre geográfico como elemento de entrada |
Inteligencia |
| Fuente del encabezamiento o término |
embne |
| 700 1# - ASIENTO SECUNDARIO - NOMBRE PERSONAL |
| Nombre personal |
Rodríguez Valls, Francisco |
| Fechas asociadas con el nombre |
1962- |
| Responsabilidad |
editor |
| 942 ## - TIPO DE MATERIAL (KOHA) |
| Tipo de Item KOHA |
Libros General |
| 956 ## - LOCAL ELECTRONIC LOCATION AND ACCESS (OCLC) |
| Host name |
2 |